000 00764nam a22002057a 4500
003 AM-YeHGA
005 20250617154204.0
008 180614s ||||| |||| 00| 0 rus d
040 _aAM-YeHGA
041 1 _arus
100 1 _aБайрамукова, Халимат Башчиевна
245 1 0 _aЛюблю я жизнь :
_bСтихи /
_cХалимат Байрамукова; Авториз. пер. с карачаев. Ал. Яльмарова
260 _a[Черкесск] :
_bКарачаево-Черкес. кн. изд-во,
_c1957.
300 _a32 с.
440 0 _a400 лет
653 0 _aКарачаевская литература
700 1 _4trl
_aЯльмаров, Ал.
_eпер.
942 _2udc
_cBK
090 _c408850
999 _c406587
_d406587